000 00759cab a2200205 4500
001 X3100
008 090401t1995 xxu||||| |||| 00| 0 eng d
035 _a(Sirsi) u28450
041 _aeng
245 _aCommercial property guidance notes
260 _c1995
350 _a0
490 _aCSM (Chartered Surveyor Monthly)
_v5(3) November/December 1995, 26(1)
520 _aAnnounces the publication of three guidance notes on commercial property: `Commercial property management,; `An elemental analysis of service charges`; and `The insurance of managed property`.
650 _aPROPERTY-COMMERCIAL PROPERTY-COMMERCIAL PROPERTY MANAGEMENT
650 _aSERVICE CHARGES
690 _aPROPERTY-COMMERCIAL PROPERTY
942 _n0
948 _c04/03/1997
999 _c19153
_d19153